| 000 | 00586cam a2200217 i 4500 | ||
|---|---|---|---|
| 001 | 1762999 | ||
| 005 | 20180215093813.0 | ||
| 008 | 760922s1976 nyua 000 0beng | ||
| 010 | _a 76045809 | ||
| 020 |
_a068414798X : _c$50.00 |
||
| 040 |
_aDLC _cDLC _dDLC |
||
| 041 | _aeng | ||
| 043 | _an-us-va | ||
| 080 | _a636.100924 STI | ||
| 082 | 0 | 0 |
_a636.100924 STI _aB |
| 100 | 1 | _a42 | |
| 101 | _aGJE | ||
| 245 | 1 | 0 |
_aMontpelier : _cas told to Gerald Strine. |
| 906 |
_a7 _bcbc _corignew _d1 _eocip _f19 _gy-gencatlg |
||
| 942 |
_2ddc _cBK |
||
| 999 |
_c42713 _d42713 |
||